The Kings Maiesties resolution concerning the setting up of his standard neere Newcastle. : And the Parliaments determination therein. Likewise the sending in of 1000. men into Newcastle, by his Maiesties command, and his Maiesties resolution concerning the Earle of Stamford. Also severall propositions presented to his Maiesty, by the gentry, and commonalty of Yorkshire. Ordered by the Lords and Commons, that this be printed and published. John Browne Cler. Parl.

Bibliographic Details
Corporate Authors: England and Wales. Sovereign (1625-1649 : Charles I), England and Wales. Parliament
Format: eBook
Language:English
Published: London : Printed for I.H. and T. Rider, Iuly, 7. 1642.
Series:Early English books online.
Subjects:
Online Access:Connect to the full text of this electronic book

MARC

Tag First Indicator Second Indicator Subfields
LEADER 00000nam a2200000 4500
001 in00004340708
005 20200812100422.0
006 m g d
007 cr bn |||a|bb|
008 851018s1642 enk o o00| | eng d
035 |a (UnM)99860357 
037 |a CL0051000001  |b ProQuest Information and Learning. 300 N. Zeeb Rd., Ann Arbor, MI 48106 
040 |a Cu-RivES  |c Cu-RivES  |d CStRLIN  |e dcrb  |d WaOLN 
110 1 |a England and Wales.  |b Sovereign (1625-1649 : Charles I) 
245 1 4 |a The Kings Maiesties resolution concerning the setting up of his standard neere Newcastle. :  |b And the Parliaments determination therein. Likewise the sending in of 1000. men into Newcastle, by his Maiesties command, and his Maiesties resolution concerning the Earle of Stamford. Also severall propositions presented to his Maiesty, by the gentry, and commonalty of Yorkshire. Ordered by the Lords and Commons, that this be printed and published. John Browne Cler. Parl. 
246 3 |a Kings Majesties resolution concerning the setting up of his standard neere Newcastle. 
260 |a London :  |b Printed for I.H. and T. Rider,  |c Iuly, 7. 1642. 
300 |a 1 online resource ([8] pages) 
336 |a text  |b txt  |2 rdacontent 
337 |a computer  |b c  |2 rdamedia 
338 |a online resource  |b cr  |2 rdacarrier 
500 |a Signatures: A⁴. 
500 |a Reproduction of the original in the British Library. 
510 4 |a Wing (2nd edition, 1994)  |c C2759. 
510 4 |a Thomason  |c E.154[27]. 
533 |a Electronic reproduction.  |b Ann Arbor, Mich. :  |c UMI,  |d 1999-  |f (Early English books online)  |n Digital version of: (Thomason Tracts ; 27:E154[27])  |7 s1999 miun s 
600 0 0 |a Charles  |b I,  |c King of England,  |d 1600-1649. 
600 1 0 |a Stamford, Henry Grey,  |c Earl of,  |d 1599?-1673. 
651 4 |a Great Britain  |x History  |y Civil War, 1642-1649  |v Early works to 1800. 
710 1 |a England and Wales.  |b Parliament. 
830 0 |a Early English books online. 
856 4 0 |u http://proxy.library.tamu.edu/login?url=https://search.proquest.com/docview/2240881875  |z Connect to the full text of this electronic book  |t 0 
999 f f |s 8a896daa-47bd-3bc7-94ed-5ac303d57d17  |i 6ddaacd7-968c-3e97-9b3f-cecb60cc0223  |t 0 
952 f f |a Texas A&M University  |b College Station  |c Electronic Resources  |d Available Online  |t 0  |h No information provided 
998 f f |t 0  |l Available Online